000 00666nam a2200253Ia 4500
003 OSt
005 20220918202643.0
006 a|||||r|||| 00| 0
007 ta
008 220917b |||||||| |||| 00| 0 eng d
024 _a102,833
037 _cTextual
040 _aARTS
_cARTS
_beng
041 _2eng
_aeng
082 _aV2,4N43.N4, M7
100 _aSingh B N
_928235
245 0 _aHistory of All India Gurkha league
260 _aNew Delhi
_bNirmal
_c1987
300 _axv, 95p.
_ccm.
650 _aHISTORY
700 _a Singh B K
_9104778
942 _hV2,4N43.N4, M7
_cTEXL
_2CC
999 _c226282
_d226282